000 00880nam a22002897a 4500
001 BR6600050
003 BR-BrBNA
005 20230928083432.0
007 ta
008 230509b bl.||||| |||| 00| 0 por d
040 _aBR-BrBNA
_bpor
_cBiblioteca Nacional de Agricultura
041 _a(Por)
072 _aF30
_b0230
_b/G514
090 _ 0230 BR6600050
100 1 _aMangelsdorf, A.J.
110 1 _aInstituto do Acucar e do Alcool, Rio de Janeiro, GB (Brasil)
_96295
245 1 _aUm programa de melhoramento da cana-de-acucar para agroindustria canavieira do Brasil [Saccharum spp]
260 3 _aRio de Janeiro, GB (Brasil):
_c[nd].
300 _a63 p.
500 _aPublished after 1965
650 _aCANA DE ACUCAR
650 _aVARIEDADE
650 _aINDUSTRIALIZACAO
650 _aCRUZAMENTO VEGETAL
909 _a202309
_bLucia
_c55
_dLucia Elande
942 _cBK
999 _c13456
_d13456